América Latina colonial hasta 1650 /

Furkejuvvon:
Bibliográfalaš dieđut
Váldodahkki: Céspedes, Guillermo (autor)
Materiálatiipa: Girji
Giella:espánnjágiella
Almmustuhtton: México : Secretaría de Educación Pública, 1976, c1976
Ráidu:(SepSetentas ; 260)
Fáttát:
Fáddágilkorat: Lasit fáddágilkoriid
Eai fáddágilkorat, Lasit vuosttaš fáddágilkora!

MARC

LEADER 00000nam^a2200000^a^4500
001 000094887
005 20250521000000.0
009 20260526121659.584
037 |a Acervo ITESO - Biblioteca 
041 |a ESP 
082 |a 980. 013  |b CES 
100 |a Céspedes, Guillermo  |e (autor) 
245 1 0 |a América Latina colonial hasta 1650 /  |c G. Céspedes. 
264 4 |a México :  |b Secretaría de Educación Pública,  |c 1976, c1976 
300 |a 206 p. 
336 |a texto  |b txt  |2 rdacontenido 
337 |a sin mediación  |b n  |2 rdamedio 
338 |a volumen  |b nc  |2 rdasoporte 
440 1 |a (SepSetentas ;  |v 260) 
649 |a XX 
650 |a Estructura Económica -  |z América -  |x Historia -  |y Epoca Colonial 
650 |a Sociedad -  |z América -  |x Historia -  |y Epoca Colonial 
650 |a América -  |x Historia -  |y Epoca Colonial 
910 |a Fondo Jesús Rodríguez 
920 |a Impresos - Libros 
930 |a Fondos Especiales 
905 |a 113 
901 |a 0500028970  |b IT2  |c ESP  |u 20250521 
902 |a https://opac.biblio.iteso.mx/vufind/Record/000094887